| 000 | 00739nam a2200145Ia 4500 | ||
|---|---|---|---|
| 008 | 220214s9999 xx 000 0 und d | ||
| 100 | _aFarmer EH | ||
| 245 | 0 | _aAlpha-methylenic reactivity in olefinic and polyolefinic systems;The course and mechanism of autoxidation reactions in olefinic and polyolefinic substances, including rubber;Ionic and radical mechanisms in olefinic systems,with special reference to processes of double-bond desplacement, vulcanisation and photo gelling(British Rubber Producers Research Association Publication No 26) | |
| 260 |
_bTransactions of the Faraday Society, No 254. Part 8 _c1942 |
||
| 300 | _a342-361 | ||
| 700 | _aBloomfield GF | ||
| 700 | _aSundralingam A | ||
| 700 | _aSutton DA | ||
| 942 | _cRE | ||
| 999 |
_c46242 _d46242 |
||